00385nam a2200145Ia 4500008004100000020001800041041000800059082001600067100001800083245003900101260002700140300003800167365001600205700001800221230719s9999 xx 000 0 und d a0-07-451716-3 aeng a543.07bKHA aKhandpur R.S. aHandbook Of Analytical Instruments bTata Mc-graw Hill Pub. dRef 139 E (5553), Ref 24 I (9897) cRs.b197.50 aKhandpur R.S.